| 000 | 00492nam a22001577a 4500 | ||
|---|---|---|---|
| 008 | 151001b xxu||||| |||| 00| 0 eng d | ||
| 020 | _a0393979059 | ||
| 050 | _aPS 507 .B39 2003 | ||
| 100 |
_aBaym, Nina _d 2003 |
||
| 245 |
_aThe Norton Anthology Of American Literature _cNina Baym |
||
| 250 | _a6th ed. | ||
| 260 |
_aNew York: _bW.W. Norton & Company, _c 2003. |
||
| 300 |
_axx, 2601p.: _bIncludes Index. |
||
| 650 | _aLiterature | ||
| 942 |
_2lcc _cBOOKS _hPS 507 .B39 2003 |
||
| 999 |
_c6892 _d6892 |
||